Statistics for "French" Things Quiz

Click here to take the quiz!

General Stats

  • This quiz has been taken 26 times
  • The average score is 4 of 8

Answer Stats

HintAnswer% Correct
BaguetteFrench bread
83%
Territory in South AmericaFrench Guiana
74%
A popular breakfast made with bread, eggs, and milkFrench toast
70%
Mellophone in marching bandFrench horn
48%
Present from the third day of ChristmasThree French hens
48%
Territory in OceaniaFrench Polynesia
43%
Popular coffee creamer flavor that one may enjoy with the above coffeeFrench vanilla
35%
Popular type of coffeeFrench roast
13%

Score Distribution

Percentile by Number Answered

Percent of People with Each Score

Your Score History

You have not taken this quiz